IASB posted a draft on general hedge accounting

Saved in:
Bibliographic Details
Main Author: Ješš, Michal, 1986-
Format: Book Chapter
Language:English
Tags: Add Tag
No Tags, Be the first to tag this record!

MARC

LEADER 00000nla a2200000 4500
001 0161069
005 20240502072810.2
041 0 |a eng 
044 |a SK 
245 1 0 |a IASB posted a draft on general hedge accounting  |c Michal Ješš 
100 1 |a Ješš, Michal, 1986-